[Event "EThessaloniki SSTH HALK-ch U16"]
[Site "Thessaloniki"]
[Date "2017.11.19"]
[Round "5.3"]
[White "Sioulas, Stylianos"]
[Black "Tsialis, Michail"]
[Result "0-1"]
[WhiteElo "1156"]
[BlackElo "1149"]
[PlyCount "158"]
[EventDate "2017.10.01"]
[EventType "swiss"]
[EventRounds "6"]
[EventCountry "GRE"]
[SourceTitle "EXT 2024"]
[Source "ChessBase"]
[SourceDate "2023.10.10"]
[SourceVersion "1"]
[SourceVersionDate "2023.10.10"]
[SourceQuality "1"]

1. e4 e5 2. Nf3 Nc6 3. Bb5 Bc5 4. 0-0 d6 5. d4 exd4 6. Nxd4 Bd7 7. Nxc6 Bxc6 8. Bxc6+ bxc6 9. Nc3 Nf6 10. Bg5 0-0 11. Na4 Bb6 12. Nxb6 axb6 13. f4 Re8 14. Re1 Qd7 15. e5 Nd5 16. c4 Ne7 17. exd6 cxd6 18. Rxe7 Rxe7 19. Bxe7 Qxe7 20. Qe1 Kf8 21. a3 Qxe1+ 22. Rxe1 Ra4 23. Rc1 Ke7 24. Kf2 Ke6 25. Kf3 Kf5 26. g4+ Ke6 27. Re1+ Kd7 28. Re4 g6 29. f5 g5 30. f6 b5 31. cxb5 cxb5 32. Re7+ Kd8 33. Rxf7 Rf4+ 34. Kg3 d5 35. Rb7 Rxf6 36. Rxb5 Rd6 37. Rb3 d4 38. Rd3 Kc7 39. b4 Kc6 40. Kf3 Kb5 41. Ke4 Kc4 42. Rd1 Kc3 43. a4 d3 44. Ke3 d2 45. b5 Kc2 46. Rxd2+ Rxd2 47. b6 Kc3 48. a5 Rb2 49. Ke4 Kc4 50. Kf5 Kb5 51. Kxg5 Kxa5 52. h4 Rxb6 53. h5 Ka6 54. Kf5 Kb7 55. g5 Kc7 56. g6 Rb5+ 57. Kf6 Rxh5 58. g7 Rh6+ 59. Kf7 Rg6 60. g8Q Rxg8 61. Kxg8 h5 62. Kh7 h4 63. Kg6 h3 64. Kf5 h2 65. Kg4 h1Q 66. Kf4 Qe1 67. Kf5 Kd6 68. Kf4 Kd5 69. Kf3 Kd4 70. Kf4 Qe4+ 71. Kg5 Qf3 72. Kg6 Ke5 73. Kg7 Ke6 74. Kg6 Qf6+ 75. Kh5 Qg7 76. Kh4 Kf5 77. Kh3 Kf4 78. Kh2 Kf3 79. Kh1 Qg2# 0-1

[Event "GRE-chT U16 9th"]
[Site "Thessaloniki"]
[Date "2016.12.16"]
[Round "2.3"]
[White "Tsialis, Michail"]
[Black "Delaveridis, Dimitrios"]
[Result "0-1"]
[WhiteElo "1148"]
[BlackElo "1123"]
[PlyCount "76"]
[EventDate "2016.12.15"]
[EventType "team-swiss"]
[EventRounds "6"]
[EventCountry "GRE"]
[SourceTitle "CBM 176 Extra"]
[Source "ChessBase"]
[SourceDate "2017.03.02"]
[SourceVersion "1"]
[SourceVersionDate "2017.03.02"]
[SourceQuality "1"]
[WhiteTeam "Triandrias"]
[BlackTeam "Oreokastrou"]
[WhiteTeamCountry "GRE"]
[BlackTeamCountry "GRE"]

1. d4 d6 2. c4 e5 3. d5 f5 4. Nc3 Nf6 5. Bd2 Bd7 6. Nf3 c6 7. e3 Na6 8. Be2 Nc5 9. 0-0 Nce4 10. Nxe4 fxe4 11. dxc6 bxc6 12. Ne1 d5 13. cxd5 cxd5 14. Bc3 Qc7 15. Rc1 Rc8 16. b3 Bd6 17. Bb2 Qb7 18. Qd2 Rxc1 19. Qxc1 0-0 20. Qd2 Rc8 21. Nc2 Kf7 22. Rc1 Ke6 23. Na3 Rxc1+ 24. Qxc1 Qc6 25. Qd2 Qb6 26. Nb1 Bb4 27. Bc3 Bxc3 28. Nxc3 d4 29. Bc4+ Ke7 30. Nd5+ Nxd5 31. Bxd5 Bc6 32. Bxc6 Qxc6 33. h3 Qc3 34. Qe2 d3 35. Qd1 Qc2 36. Qa1 Kf6 37. Kf1 d2 38. Ke2 d1Q# 0-1